Normal view
MARC view
- Brontë, Anne,
Entry Personal Name
001 - CONTROL NUMBER
- control field: 40155
003 - CONTROL NUMBER IDENTIFIER
- control field: OSt
005 - DATE AND TIME OF LATEST TRANSACTION
- control field: 20160612125045.0
008 - FIXED-LENGTH DATA ELEMENTS
- fixed length control field: 160612|| aca||aabn | a|a d
040 ## - CATALOGING SOURCE
- Original cataloging agency: OSt
100 1# - HEADING--PERSONAL NAME
- Personal name: Brontë, Anne,
- Dates associated with a name: 1820-1849
400 1# - SEE FROM TRACING--PERSONAL NAME
- Personal name: Bell, Acton,
- Dates associated with a name: 1820-1849